Plant ecology of Porto Rico : [pt.2] /
Saved in:
| Main Author: | |
|---|---|
| Corporate Author: | |
| Other Authors: | |
| Format: | Book |
| Language: | English |
| Published: |
New York, [N.Y.] :
N.Y. Academy of Sciences,
1927.
|
| Series: | Scientific survey of Porto Rico and the Virgin Islands ;
v.7, part 2 |
| Subjects: | |
| Tags: |
Add Tag
No Tags, Be the first to tag this record!
|
| LEADER | 00767nam a22002057u 4500 | ||
|---|---|---|---|
| 001 | 000000896-6 | ||
| 005 | 20020606090541.3 | ||
| 008 | 830324|1927 ||||||| |||| |0||||eng|d | ||
| 035 | 0 | |a ocn187942170 | |
| 100 | 1 | |a Gleason, Henry A. |q (Henry Allan), |d 1882-1975. | |
| 245 | 1 | 0 | |a Plant ecology of Porto Rico : |b [pt.2] / |c by H.A. Gleason and Mel T. Cook. |
| 246 | 3 | |a Plant ecology of Puerto Rico. | |
| 260 | 0 | |a New York, [N.Y.] : |b N.Y. Academy of Sciences, |c 1927. | |
| 300 | |a p. 97-173, [29] leaves of plates : |b ill. ; |c 25 cm. | ||
| 490 | 0 | |a Scientific survey of Porto Rico and the Virgin Islands ; |v v.7, part 2 | |
| 650 | 0 | |a Plant ecology |z Puerto Rico | |
| 700 | 1 | |a Cook, Melville Thurston, |d 1869-1952. | |
| 710 | 2 | |a New York Academy of Sciences. | |
| 988 | |a 20020608 | ||
| 906 | |0 MH | ||


